Le calcul des probabilités (Record no. 117011)

MARC details
000 -LEADER
campo de control de longitud fija 00546nam a2200169 i 4500
001 - NÚMERO DE CONTROL
campo de control 117011
003 - IDENTIFICADOR DE NÚMERO DE CONTROL
campo de control ES-MaACL
005 - FECHA Y HORA DE LA ÚLTIMA TRANSACCIÓN
campo de control 20230906190818.0
007 - CAMPO FIJO DE DESCRIPCIÓN FÍSICA--INFORMACIÓN GENERAL
campo de control de longitud fija t|
008 - DATOS DE LONGITUD FIJA--INFORMACIÓN GENERAL
campo de control de longitud fija 070228s1926 fr r ||||1| fre d
100 1# - ENTRADA PRINCIPAL--NOMBRE DE PERSONA
Nombre de persona Pasquier, L. Gustave Du.
9 (RLIN) 89432
245 13 - MENCIÓN DEL TÍTULO
Título Le calcul des probabilités
Resto del título : son evolution mathematique et philosophique /
Mención de responsabilidad, etc. par L. Gustave Du Pasquier.
260 ## - PUBLICACIÓN, DISTRIBUCIÓN, ETC.
Lugar de publicación, distribución, etc. Paris :
Nombre del editor, distribuidor, etc. Librairie Scientifique J. Hermann,
Fecha de publicación, distribución, etc. 1926.
300 ## - DESCRIPCIÓN FÍSICA
Extensión XXI, 304 p. ;
Dimensiones 25 cm.
650 #4 - PUNTO DE ACCESO ADICIONAL DE MATERIA--TÉRMINO DE MATERIA
Término de materia o nombre geográfico como elemento de entrada Probabilidades.
9 (RLIN) 16411
852 ## - LOCALIZACIÓN
Ubicación ES-MaACL
Número de control de estantería A-1633
Holdings
Estatus retirado Estado de pérdida Estado de daño No para préstamo Biblioteca de origen Biblioteca actual Ubicación en estantería Fecha de adquisición Fuente de adquisición Total de préstamos Signatura topográfica completa Código de barras Visto por última vez Precio de reemplazo Tipo de ítem Koha
        Biblioteca del Ateneo de Madrid Biblioteca del Ateneo de Madrid Sala Pecera Planta 1 17/01/2008     A-1633 1122000 23/02/2023 23/02/2023 Libro impreso